Příklady z kybernetiky

Saved in:
Bibliographic Details
Main Author: Jakeš, Bohumil
Corporate Author: Vysoká škola chemicko-technologická v Praze
Other Authors: Macháč, J.
Format: Book
Language:Czech
Published: Praha Státní nakladatelství technické literatury 1982
Tags: Add Tag
No Tags, Be the first to tag this record!

MARC

LEADER 00000nam a2200000 4500
001 c131414
005 20221220095936.7
041 0 |a cze 
044 |a CZ 
245 1 0 |a Příklady z kybernetiky  |c Bohumil Jakeš, J. Macháč 
264 1 |a Praha  |b Státní nakladatelství technické literatury  |c 1982 
300 |a 233 s. 
100 1 |a Jakeš, Bohumil 
700 1 |a Macháč, J. 
710 2 |a Vysoká škola chemicko-technologická v Praze